[Event "Ottawa-ch reserve"]
[Site "Ottawa CAN"]
[Date "2004.10.03"]
[Round "1"]
[White "Barber, Glen"]
[Black "De Kerpel, Stijn"]
[Result "1/2-1/2"]
[WhiteElo "2029"]
[BlackElo "2109"]
[PlyCount "110"]
[GameId "2160767911061097"]
[EventDate "2004.10.03"]
[EventType "tourn"]
[EventRounds "6"]
[EventCountry "CAN"]

1. e4 d5 2. exd5 Qxd5 3. Nc3 Qa5 4. d4 c6 5. g3 Bf5 6. Bg2 e6 7. Nge2 Nf6 8. O-O Nbd7 9. Re1 Bb4 10. Bd2 O-O 11. a3 Bxc3 12. Bxc3 Qc7 13. Nf4 Rfe8 14. Qe2 h6 15. Rad1 Red8 16. Nd3 Nb6 17. b3 a5 18. a4 Nbd7 19. Bb2 Rac8 20. Nf4 b5 21. h3 Nd5 22. Nd3 bxa4 23. bxa4 Rb8 24. c4 Nb4 25. Nxb4 axb4 26. g4 Bg6 27. Qf3 Nb6 28. Qb3 Nd7 29. h4 h5 30. Qf3 hxg4 31. Qxc6 Qa5 32. d5 e5 33. d6 Bc2 34. Ra1 b3 35. Qd5 Qxd5 36. Bxd5 Nb6 37. Rxe5 Nxd5 38. Rxd5 f5 39. a5 Kf7 40. a6 Be4 41. a7 Ra8 42. Rb5 Rxd6 43. Be5 Rh6 44. Bg3 f4 45. Bxf4 Rxh4 46. Bh2 Rah8 47. a8=Q Rxa8 48. Rxa8 Bxa8 49. Rxb3 Bf3 50. c5 Rh6 51. Rc3 Ke8 52. Re3+ Kf7 53. Re1 g5 54. Re3 Ra6 55. Re1 Kg6 1/2-1/2

[Event "Ottawa-ch reserve"]
[Site "Ottawa CAN"]
[Date "2004.10.03"]
[Round "1"]
[White "Kirby, Patrick"]
[Black "Gordon, David"]
[Result "1-0"]
[WhiteElo "2169"]
[BlackElo "2209"]
[PlyCount "85"]
[GameId "2160767911061098"]
[EventDate "2004.10.03"]
[EventType "tourn"]
[EventRounds "6"]
[EventCountry "CAN"]

1. e4 c5 2. Nc3 Nc6 3. g3 g6 4. Bg2 Bg7 5. d3 d6 6. f4 e6 7. Nh3 Nge7 8. O-O O-O 9. Be3 Nd4 10. Qd2 d5 11. f5 exf5 12. Nxd5 fxe4 13. dxe4 Nxd5 14. exd5 Bxh3 15. Bxh3 Qxd5 16. Bg2 Qe6 17. c3 Rfe8 18. Rae1 Nc6 19. Bd5 Qe7 20. Rxf7 Qxf7 21. Bxf7+ Kxf7 22. Qd5+ Re6 23. Rf1+ Bf6 24. Bg5 Ke7 25. Qxc5+ Kf7 26. Bxf6 Rxf6 27. Rxf6+ Kxf6 28. Qd6+ Kf7 29. Qc7+ Ne7 30. Qxb7 Rd8 31. a4 h5 32. h3 Rd3 33. Kg2 a5 34. Qc7 Rd2+ 35. Kf3 Rxb2 36. Qxa5 Nf5 37. Qc7+ Kf6 38. a5 Rb1 39. a6 Rf1+ 40. Ke2 Ra1 41. a7 Nxg3+ 42. Qxg3 Rxa7 43. Qf2+ 1-0

[Event "Ottawa-ch reserve"]
[Site "Ottawa CAN"]
[Date "2004.10.10"]
[Round "2"]
[White "Gelblum, Robert"]
[Black "Barber, Glen"]
[Result "1-0"]
[WhiteElo "2138"]
[BlackElo "2029"]
[PlyCount "91"]
[GameId "2160767911061099"]
[EventDate "2004.10.03"]
[EventType "tourn"]
[EventRounds "6"]
[EventCountry "CAN"]

1. e4 e6 2. d4 d5 3. e5 c5 4. c3 Nc6 5. Nf3 Qb6 6. Bd3 Bd7 7. dxc5 Bxc5 8. O-O Qc7 9. b4 Bf8 10. Qe2 Nge7 11. Bf4 Ng6 12. Bg3 Rc8 13. Nbd2 b6 14. a4 a5 15. b5 Nd8 16. Rfc1 Nb7 17. Nb3 Nc5 18. Nxc5 Bxc5 19. h4 Qd8 20. h5 Ne7 21. Nd4 h6 22. Qg4 O-O 23. Bh4 Kh8 24. Qf4 Qe8 25. Re1 Nf5 26. Nxf5 exf5 27. Bf6 Kg8 28. Bxf5 Bxf5 29. Qxf5 Qe6 30. Qf3 Rfe8 31. Qg3 Bf8 32. Rad1 Rc4 33. Rd4 Rec8 34. Rxc4 Rxc4 35. f4 Kh8 36. Bh4 Rxa4 37. Qf3 Qd7 38. Bf2 Qxb5 39. f5 Bc5 40. e6 Qe8 41. Bxc5 bxc5 42. Qxd5 fxe6 43. fxe6 Qe7 44. Rd1 Kh7 45. Qd3+ g6 46. Qd7 1-0

[Event "Ottawa-ch reserve"]
[Site "Ottawa CAN"]
[Date "2004.10.10"]
[Round "2"]
[White "Nezirovic, Ozren"]
[Black "Arsenault, Michel"]
[Result "1-0"]
[WhiteElo "2087"]
[BlackElo "2067"]
[PlyCount "73"]
[GameId "2160767911061100"]
[EventDate "2004.10.03"]
[EventType "tourn"]
[EventRounds "6"]
[EventCountry "CAN"]

1. e4 c5 2. Nf3 e6 3. d4 cxd4 4. Nxd4 Nf6 5. Nc3 d6 6. Be3 Be7 7. f3 Nc6 8. Qd2 O-O 9. g4 d5 10. g5 Nxd4 11. Qxd4 Nd7 12. h4 Bc5 13. Qd2 Ne5 14. O-O-O Qb6 15. Bxc5 Qxc5 16. exd5 exd5 17. Qxd5 Qe3+ 18. Kb1 Be6 19. Qe4 Qxf3 20. Qxf3 Nxf3 21. Bg2 Bg4 22. Rd3 Ne5 23. Rd4 Rad8 24. Rxd8 Rxd8 25. Bxb7 Bf3 26. Bxf3 Nxf3 27. Rh3 Re8 28. b3 Ne1 29. Kc1 g6 30. Rg3 Rd8 31. Ne4 Rc8 32. c4 Rd8 33. Nf6+ Kg7 34. Nd5 Re8 35. Kd2 Re5 36. Ne3 h6 37. Kxe1 1-0

[Event "Ottawa-ch reserve"]
[Site "Ottawa CAN"]
[Date "2004.11.28"]
[Round "2"]
[White "De Kerpel, Stijn"]
[Black "Kirby, Patrick"]
[Result "0-1"]
[WhiteElo "2109"]
[BlackElo "2169"]
[PlyCount "74"]
[GameId "2160767911061101"]
[EventDate "2004.10.03"]
[EventType "tourn"]
[EventRounds "6"]
[EventCountry "CAN"]

1. c4 Nf6 2. g3 c6 3. Bg2 d5 4. Nf3 Bf5 5. cxd5 cxd5 6. Qb3 Qb6 7. Qxb6 axb6 8. Nc3 e6 9. O-O Nc6 10. d3 Bc5 11. Nh4 Bg4 12. h3 Bh5 13. g4 Bg6 14. Kh1 Be7 15. Bg5 Ra5 16. f4 d4 17. Bxf6 Bxf6 18. Nxg6 hxg6 19. Ne4 Be7 20. Ng3 f5 21. g5 Bd6 22. a3 Rc5 23. b4 Rc3 24. b5 Na5 25. a4 Kd7 26. Rad1 Rh4 27. e3 dxe3 28. Ne2 Rc2 29. Rfe1 Bxf4 30. Nxf4 Rxf4 31. Rxe3 Rff2 32. Bf1 Rcd2 33. Rde1 Nb3 34. Be2 Nd4 35. Bd1 f4 36. Rxe6 Nxe6 37. Bg4 Rh2+ 0-1

[Event "Ottawa-ch reserve"]
[Site "Ottawa CAN"]
[Date "2004.10.17"]
[Round "3"]
[White "Gordon, David"]
[Black "De Kerpel, Stijn"]
[Result "1-0"]
[WhiteElo "2209"]
[BlackElo "2109"]
[PlyCount "219"]
[GameId "2160767911061103"]
[EventDate "2004.10.03"]
[EventType "tourn"]
[EventRounds "6"]
[EventCountry "CAN"]

1. d4 d5 2. c4 Nc6 3. Nc3 Nf6 4. cxd5 Nxd5 5. e4 Nxc3 6. bxc3 e5 7. d5 Nb8 8. Bd3 Bd6 9. Ne2 O-O 10. O-O Nd7 11. Be3 Nc5 12. Bc2 b6 13. f3 Qe7 14. Qd2 Ba6 15. Rfe1 Bxe2 16. Qxe2 Nd7 17. Ba4 Nc5 18. Bc6 Rab8 19. Kh1 a5 20. a4 Kh8 21. Qc2 Qh4 22. Bf2 Qg5 23. Re2 f6 24. Rg1 Rf7 25. Be3 Qg6 26. g4 Re7 27. Rg3 Kg8 28. h4 Nd7 29. Bxd7 Rxd7 30. h5 Qf7 31. Qd3 h6 32. Rg1 Qe7 33. Qb5 Rdd8 34. Rb1 Ra8 35. Rb3 Qe8 36. Qxe8+ Rxe8 37. Kg2 Kf7 38. Rb5 Ke7 39. Rc2 Rab8 40. Kf1 Kd7 41. Rcb2 Rec8 42. R2b3 Re8 43. Ke2 Rf8 44. Kd3 Rfe8 45. c4 Bb4 46. c5 c6 47. dxc6+ Kxc6 48. Kc4 Rg8 49. Rb1 bxc5 50. Rxb8 Rxb8 51. Bxc5 Rd8 52. Bxb4 Rd4+ 53. Kc3 axb4+ 54. Rxb4 Rd1 55. Kb2 Rd3 56. Rb3 Rd2+ 57. Ka3 Rd7 58. a5 Rd1 59. Ka4 Rd4+ 60. Rb4 Rd3 61. a6 Rd1 62. Rb7 Ra1+ 63. Kb4 Rxa6 64. Rxg7 Kd6 65. Rg6 Ke7 66. Rxh6 Ra1 67. Rh7+ Kf8 68. Rd7 Rf1 69. Rd3 Kg7 70. Kc3 Kh6 71. Kd2 Kg5 72. Kc3 Rc1+ 73. Kb4 Kf4 74. Rc3 Rd1 75. Kc4 Rd8 76. Rd3 Rc8+ 77. Kb5 Rc1 78. Kb6 Rc2 79. Kb7 Rc1 80. Kb6 Rc2 81. Rd6 Kg5 82. Rd3 Kf4 83. Ka5 Rc1 84. Ka4 Rb1 85. Ka3 Rb6 86. Ka2 Rb8 87. Rb3 Rd8 88. Kb2 Rd6 89. Kc2 Ra6 90. Rc3 Rd6 91. Rd3 Rc6+ 92. Kd2 Ra6 93. Ke2 Ra2+ 94. Rd2 Ra3 95. Rd6 Ra2+ 96. Kd3 Kg5 97. Kc4 Ra3 98. Rd3 Ra8 99. Rb3 Rd8 100. Kc5 Rd1 101. Rb8 Kf4 102. Rf8 Kxf3 103. g5 Kxe4 104. Rxf6 Rh1 105. h6 Rh5 106. Rg6 Kf5 107. Rg7 e4 108. Kd4 Rh3 109. h7 e3 110. Kd3 1-0

[Event "Ottawa-ch reserve"]
[Site "Ottawa CAN"]
[Date "2004.10.17"]
[Round "3"]
[White "Kirby, Patrick"]
[Black "Gelblum, Robert"]
[Result "1/2-1/2"]
[WhiteElo "2169"]
[BlackElo "2138"]
[PlyCount "126"]
[GameId "2160767911061104"]
[EventDate "2004.10.03"]
[EventType "tourn"]
[EventRounds "6"]
[EventCountry "CAN"]

1. d4 Nf6 2. Nf3 g6 3. b4 Bg7 4. Bb2 O-O 5. Nbd2 d6 6. Rb1 Nbd7 7. e3 e6 8. Be2 Qe7 9. O-O e5 10. b5 e4 11. Ne1 h5 12. c4 Re8 13. Ba3 a6 14. bxa6 Rxa6 15. Rb3 Ra8 16. Nc2 c6 17. f3 Nf8 18. fxe4 Nxe4 19. Nxe4 Qxe4 20. Bxd6 Rxa2 21. Bd3 Qg4 22. Qb1 Ra8 23. Rf3 Ne6 24. Rg3 Qh4 25. d5 Nf8 26. Bf4 Qd8 27. e4 Nd7 28. Qf1 Nc5 29. Rb1 Nxe4 30. Bxe4 Rxe4 31. Bg5 Qe8 32. Bf6 Ra2 33. Nb4 Rae2 34. Nd3 Bf5 35. Bxg7 Kxg7 36. Qxf5 h4 37. Rg4 Rxg4 38. Qxg4 Qe3+ 39. Kf1 Rd2 40. Qf3 Qxd3+ 41. Qxd3 Rxd3 42. Rxb7 cxd5 43. cxd5 Rxd5 44. h3 Rd2 45. Rb4 g5 46. Rb6 f6 47. Ra6 Kg6 48. Ra5 Kf7 49. Kg1 Ke6 50. Rb5 Rd5 51. Rb6+ Ke5 52. Kf2 f5 53. Ke3 Ra5 54. Rb4 Ra3+ 55. Kf2 Rd3 56. Kg1 Rd4 57. Rb8 g4 58. hxg4 fxg4 59. Kh2 Kf4 60. Rh8 h3 61. Rf8+ Kg5 62. Rg8+ Kf5 63. Rf8+ Kg5 1/2-1/2

[Event "Ottawa-ch reserve"]
[Site "Ottawa CAN"]
[Date "2004.10.31"]
[Round "4"]
[White "Arsenault, Michel"]
[Black "Barber, Glen"]
[Result "0-1"]
[WhiteElo "2067"]
[BlackElo "2029"]
[PlyCount "86"]
[GameId "2160767911061105"]
[EventDate "2004.10.03"]
[EventType "tourn"]
[EventRounds "6"]
[EventCountry "CAN"]

1. c4 e6 2. g3 d5 3. Bg2 Nf6 4. Nf3 Be7 5. O-O O-O 6. b3 Nbd7 7. Bb2 b6 8. d4 Bb7 9. Ne5 c5 10. e3 Qc7 11. f4 Rfd8 12. Nd2 Rac8 13. Rc1 Qb8 14. Qe2 Nf8 15. Rfd1 Qa8 16. g4 a6 17. g5 N6d7 18. cxd5 Nxe5 19. dxe5 Bxd5 20. e4 Bc6 21. Nc4 Bb5 22. Qc2 Bxc4 23. bxc4 b5 24. Rd6 Qb7 25. Rcd1 bxc4 26. Bc3 Rb8 27. Ba5 Rd7 28. Qxc4 Bxd6 29. exd6 Qb5 30. Qc3 Qe2 31. Re1 Qb2 32. e5 Qxc3 33. Bxc3 Rdd8 34. Bf1 Ng6 35. Re4 Rb1 36. Ba5 Rd7 37. Rc4 f6 38. Rxc5 fxe5 39. fxe5 Rf7 40. Rc8+ Nf8 41. Kg2 Rbxf1 42. d7 R1f2+ 43. Kg1 R2f4 0-1

[Event "Ottawa-ch reserve"]
[Site "Ottawa CAN"]
[Date "2004.10.31"]
[Round "4"]
[White "Gelblum, Robert"]
[Black "Gordon, David"]
[Result "0-1"]
[WhiteElo "2138"]
[BlackElo "2209"]
[PlyCount "80"]
[GameId "2160767911061106"]
[EventDate "2004.10.03"]
[EventType "tourn"]
[EventRounds "6"]
[EventCountry "CAN"]

1. e4 c5 2. Nf3 Nc6 3. Bb5 g6 4. O-O Bg7 5. c3 Nf6 6. Re1 O-O 7. h3 Qc7 8. e5 Nd5 9. d4 cxd4 10. cxd4 d6 11. exd6 Qxd6 12. Nc3 Nxc3 13. bxc3 Bf6 14. a4 Rd8 15. Ba3 Qc7 16. Qc1 e6 17. Qh6 Bg7 18. Qh4 Bd7 19. Ng5 h6 20. Ne4 g5 21. Qh5 a6 22. Bd3 Be8 23. Nxg5 Qa5 24. Bh7+ Kh8 25. Nxf7+ Bxf7 26. Qxf7 Kxh7 27. Re3 b6 28. Rg3 Rg8 29. Qxe6 Qxa4 30. Kh2 Ra7 31. d5 Nd8 32. Qg6+ Kh8 33. c4 Qe8 34. Qf5 Bxa1 35. Qc2 Rxg3 36. fxg3 Rg7 37. Bd6 Be5 38. Qd2 Rxg3 39. Qxh6+ Kg8 40. Bxe5 Qxe5 0-1

[Event "Ottawa-ch reserve"]
[Site "Ottawa CAN"]
[Date "2004.10.31"]
[Round "4"]
[White "Nezirovic, Ozren"]
[Black "Kirby, Patrick"]
[Result "1/2-1/2"]
[WhiteElo "2087"]
[BlackElo "2169"]
[PlyCount "73"]
[GameId "2160767911061107"]
[EventDate "2004.10.03"]
[EventType "tourn"]
[EventRounds "6"]
[EventCountry "CAN"]

1. e4 c5 2. Nf3 e6 3. d4 cxd4 4. Nxd4 a6 5. Bd3 Nf6 6. O-O Qc7 7. Qe2 d6 8. c4 g6 9. Nc3 Bg7 10. Nf3 O-O 11. Rd1 Nc6 12. h3 Nd7 13. Be3 Nde5 14. Rac1 Nxf3+ 15. Qxf3 Qa5 16. Qe2 Nd4 17. Qd2 e5 18. Rb1 Bxh3 19. b4 Qd8 20. Ne2 Bg4 21. Bxd4 exd4 22. f3 Be6 23. g3 h5 24. Kg2 Qd7 25. Qb2 Rfc8 26. Rbc1 h4 27. gxh4 Bh3+ 28. Kf2 Qe7 29. Kg3 Qd7 30. Rh1 Be5+ 31. Kf2 b5 32. Qd2 bxc4 33. Bxc4 d3 34. Qxd3 Bf6 35. Kg3 Be5+ 36. Kf2 Bf6 37. Kg3 1/2-1/2

[Event "Ottawa-ch reserve"]
[Site "Ottawa CAN"]
[Date "2004.11.07"]
[Round "5"]
[White "De Kerpel, Stijn"]
[Black "Gelblum, Robert"]
[Result "1-0"]
[WhiteElo "2109"]
[BlackElo "2138"]
[PlyCount "81"]
[GameId "2160767911061108"]
[EventDate "2004.10.03"]
[EventType "tourn"]
[EventRounds "6"]
[EventCountry "CAN"]

1. c4 e5 2. Nc3 Nf6 3. Nf3 Nc6 4. e4 Bb4 5. d3 d6 6. h3 h6 7. Be3 Be6 8. a3 Bc5 9. Qd2 Nd4 10. Bxd4 Bxd4 11. Nxd4 exd4 12. Ne2 c5 13. f4 O-O 14. b4 Re8 15. bxc5 dxc5 16. Ng3 Bxc4 17. Rc1 Ba6 18. Rxc5 Qd6 19. Qc1 Nd7 20. Rc2 Qg6 21. Kf2 Nb6 22. Nf5 Qf6 23. g4 Red8 24. Be2 Rac8 25. e5 Qe6 26. Rxc8 Rxc8 27. Qb2 Nd5 28. Qxd4 Kh7 29. Bf3 Rc2+ 30. Kg3 Nc3 31. Re1 Nb5 32. Qe4 g6 33. Ne3 Ra2 34. f5 Qd7 35. fxg6+ fxg6 36. Nd5 Kg7 37. e6 Qd6+ 38. Nf4 Qe7 39. Qxg6+ Kf8 40. Qxh6+ Kg8 41. Re5 1-0

[Event "Ottawa-ch reserve"]
[Site "Ottawa CAN"]
[Date "2004.11.07"]
[Round "5"]
[White "Gordon, David"]
[Black "Nezirovic, Ozren"]
[Result "1/2-1/2"]
[WhiteElo "2209"]
[BlackElo "2087"]
[PlyCount "94"]
[GameId "2160767911061109"]
[EventDate "2004.10.03"]
[EventType "tourn"]
[EventRounds "6"]
[EventCountry "CAN"]

1. d4 d6 2. c4 e5 3. dxe5 dxe5 4. Qxd8+ Kxd8 5. Nf3 f6 6. e3 Be6 7. Be2 Nd7 8. O-O c6 9. Rd1 Kc7 10. Bd2 a5 11. Bc3 Nh6 12. Nbd2 Nf7 13. Rac1 Be7 14. Kf1 g5 15. Nb1 h5 16. h4 g4 17. Ne1 f5 18. g3 Rhf8 19. b3 f4 20. exf4 exf4 21. Bg7 Rg8 22. Bd4 fxg3 23. fxg3 Nd6 24. Nc3 Nf5 25. Bf2 Bf8 26. Nd5+ Bxd5 27. cxd5 Bh6 28. Rc3 Rae8 29. dxc6 bxc6 30. Nc2 Rgf8 31. Bb5 Re6 32. Kg2 Nb6 33. Nd4 Nxd4 34. Bxd4 Nd5 35. Rc2 Nb4 36. Rc5 Nd5 37. Bc4 Rd8 38. Bxd5 Rxd5 39. Rxd5 cxd5 40. Bf2 Kc6 41. Re1 Rxe1 42. Bxe1 Kb5 43. a4+ Kb6 44. Bf2+ Kc6 45. Be1 Kb6 46. Kf2 Bg7 47. Ke3 Be5 1/2-1/2

[Event "Ottawa-ch reserve"]
[Site "Ottawa CAN"]
[Date "2004.11.07"]
[Round "5"]
[White "Kirby, Patrick"]
[Black "Arsenault, Michel"]
[Result "1/2-1/2"]
[WhiteElo "2169"]
[BlackElo "2067"]
[PlyCount "114"]
[GameId "2160767911061110"]
[EventDate "2004.10.03"]
[EventType "tourn"]
[EventRounds "6"]
[EventCountry "CAN"]

1. d4 e6 2. Nf3 f5 3. Nc3 Nf6 4. Qd3 Be7 5. h3 b6 6. g4 Nc6 7. gxf5 Nb4 8. Qd1 exf5 9. Rg1 O-O 10. Bh6 Nh5 11. a3 Kh8 12. Bd2 Nc6 13. d5 Na5 14. e3 Nf6 15. Nd4 g6 16. Qf3 Nb7 17. O-O-O a6 18. Kb1 Nd6 19. Qg2 Bb7 20. Be2 Qc8 21. Bf3 Nc4 22. Bc1 Nd6 23. h4 Rg8 24. Nc6 Bf8 25. h5 g5 26. Qh1 Qe8 27. Nd4 Qf7 28. e4 fxe4 29. Bxe4 Nfxe4 30. Nxe4 Bxd5 31. f3 h6 32. Nc3 Bb7 33. Qh3 c5 34. Nde2 Bxf3 35. Rgf1 g4 36. Qh2 Re8 37. Nf4 Nc4 38. Ng6+ Kh7 39. Qc7 Rg7 40. Nd5 Bd6 41. Qxd7 Qxd5 42. Qxe8 Qg8 43. Qxg8+ Rxg8 44. Rde1 Bg3 45. Re7+ Rg7 46. Re8 Rg8 47. Rxg8 Kxg8 48. Bxh6 Nd6 49. Kc1 Ne4 50. Bf4 Bf2 51. Ne5 Be2 52. Rxf2 Nxf2 53. Nd7 Ne4 54. Nxb6 g3 55. Be3 Bxh5 56. Nd7 c4 57. Nc5 Nxc5 1/2-1/2

[Event "Ottawa-ch reserve"]
[Site "Ottawa CAN"]
[Date "2004.11.14"]
[Round "6"]
[White "Arsenault, Michel"]
[Black "Gordon, David"]
[Result "1-0"]
[WhiteElo "2067"]
[BlackElo "2209"]
[PlyCount "179"]
[GameId "2160767911061111"]
[EventDate "2004.10.03"]
[EventType "tourn"]
[EventRounds "6"]
[EventCountry "CAN"]

1. c4 b6 2. g3 Bb7 3. Nf3 Nf6 4. Bg2 e6 5. O-O c5 6. b3 Be7 7. Bb2 O-O 8. e3 d5 9. Nc3 dxc4 10. bxc4 Nbd7 11. Qe2 Qc7 12. e4 Ne5 13. Nxe5 Qxe5 14. d3 Qc7 15. f4 g6 16. g4 Nd7 17. f5 a6 18. Rf3 Bf6 19. Raf1 Bd4+ 20. Kh1 Qe5 21. Qd2 b5 22. f6 b4 23. Nd1 Bxb2 24. Nxb2 Qc3 25. Qh6 Nxf6 26. Nd1 Nxg4 27. Qf4 Qa3 28. Qxg4 f5 29. Qg5 fxe4 30. Rxf8+ Rxf8 31. Rxf8+ Kxf8 32. Qd8+ Kg7 33. dxe4 Qc1 34. Qe7+ Kh6 35. Qf8+ Kg5 36. Qxc5+ Kh6 37. Qe3+ Qxe3 38. Nxe3 Kg5 39. c5 a5 40. e5 Ba6 41. Bf1 Bb7+ 42. Kg1 Kf4 43. Nc4 a4 44. Na5 Bc8 45. Nc6 b3 46. axb3 axb3 47. Bc4 b2 48. Ba2 Bb7 49. Nb4 Kxe5 50. Nd3+ Kd4 51. Nxb2 e5 52. Kf2 Bc6 53. Ke2 Bb5+ 54. Bc4 Bc6 55. Bg8 h6 56. Bf7 g5 57. Nd1 Kxc5 58. Ke3 Kd6 59. Nf2 Ke7 60. Bh5 Bd7 61. Ke4 Kf6 62. Kd5 Be6+ 63. Kd6 Bf5 64. Bf3 e4 65. Bxe4 g4 66. Bg2 h5 67. Kd5 h4 68. Nd1 Bc8 69. Bf1 Kf5 70. Ne3+ Kf4 71. Ng2+ Kg5 72. Ne1 Kf4 73. Kd4 g3 74. h3 Bf5 75. Bg2 Bc8 76. Nd3+ Kg5 77. Ke5 Bd7 78. Nc5 Bf5 79. Nb3 Bc8 80. Nd4 Bd7 81. Nf3+ Kh5 82. Kf4 Bb5 83. Ne5 Ba6 84. Kf5 Bc8+ 85. Kf6 Ba6 86. Ng6 Bc8 87. Ne7 Bd7 88. Ng8 Bc6 89. Bxc6 g2 90. Bf3# 1-0

[Event "Ottawa-ch reserve"]
[Site "Ottawa CAN"]
[Date "2004.11.14"]
[Round "6"]
[White "Nezirovic, Ozren"]
[Black "De Kerpel, Stijn"]
[Result "1/2-1/2"]
[WhiteElo "2087"]
[BlackElo "2109"]
[PlyCount "111"]
[GameId "2160767911061112"]
[EventDate "2004.10.03"]
[EventType "tourn"]
[EventRounds "6"]
[EventCountry "CAN"]

1. e4 c5 2. Nf3 d6 3. c3 Nf6 4. Be2 g6 5. O-O Bg7 6. Bb5+ Nbd7 7. Re1 O-O 8. d4 e5 9. h3 a6 10. Bf1 Re8 11. d5 h6 12. a4 b6 13. Na3 Bb7 14. g3 Nf8 15. b4 Nxe4 16. Rxe4 f5 17. Re3 e4 18. bxc5 dxc5 19. Nh2 Bxd5 20. Bb2 Kh7 21. Qc2 Bc6 22. Rd1 Qc7 23. Bg2 b5 24. axb5 axb5 25. g4 f4 26. Rxe4 Bxe4 27. Bxe4 Rab8 28. Nf3 Bf6 29. Re1 Qg7 30. Qc1 b4 31. Nc4 bxc3 32. Ba3 Qc7 33. Qc2 Kg7 34. Bc1 Rbd8 35. Kg2 Re7 36. Ng1 Rd4 37. Na3 Qa5 38. Nb1 Ra4 39. Bxf4 Ra2 40. Qc1 c2 41. Bxh6+ Kh7 42. Bxf8 Qxe1 43. Qh6+ Kg8 44. Bxc2 Rxc2 45. Qxg6+ Kxf8 46. Qxc2 Qe4+ 47. Qxe4 Rxe4 48. Kf3 Rb4 49. Nd2 c4 50. Ne2 Bg7 51. Ke3 Bh6+ 52. f4 c3 53. Nxc3 Bxf4+ 54. Kd3 Bxd2 55. Kxd2 Rb2+ 56. Ke3 1/2-1/2

[Event "Ottawa-ch reserve"]
[Site "Ottawa CAN"]
[Date "2004.12.05"]
[Round "6"]
[White "Barber, Glen"]
[Black "Kirby, Patrick"]
[Result "0-1"]
[WhiteElo "2029"]
[BlackElo "2169"]
[PlyCount "96"]
[GameId "2160767911061113"]
[EventDate "2004.10.03"]
[EventType "tourn"]
[EventRounds "6"]
[EventCountry "CAN"]

1. d4 d5 2. c4 e6 3. Nc3 Nf6 4. Bg5 Be7 5. e3 h6 6. Bh4 O-O 7. Nf3 b6 8. Rc1 Bb7 9. Bxf6 Bxf6 10. cxd5 exd5 11. b4 c6 12. Be2 Nd7 13. O-O Re8 14. Qb3 Rc8 15. b5 c5 16. Nxd5 Bxd4 17. Rfd1 Ne5 18. Nxe5 Bxd5 19. Bc4 Rxe5 20. exd4 Qg5 21. Qh3 Ree8 22. f4 Qd8 23. dxc5 Rxc5 24. Qf5 Qc8 25. Qxd5 Rxd5 26. Bxd5 Qb8 27. Bc6 Rd8 28. g3 Rd6 29. Kf2 Qd8 30. Rxd6 Qxd6 31. Rc2 g6 32. Kg2 Qd3 33. Rf2 Kg7 34. Rf3 Qe2+ 35. Rf2 Qc4 36. Rb2 a6 37. h4 Qd4 38. Rf2 axb5 39. Re2 Qc4 40. Bf3 b4 41. Rb2 h5 42. Kh3 Qc3 43. Rb3 Qd2 44. Bc6 Qxa2 45. Bd5 Qa5 46. Rd3 Qb5 47. Rd1 b3 48. Bf3 b2 0-1

[Event "Ottawa-ch reserve"]
[Site "Ottawa CAN"]
[Date "2004.11.28"]
[Round "7"]
[White "Gelblum, Robert"]
[Black "Nezirovic, Ozren"]
[Result "0-1"]
[WhiteElo "2138"]
[BlackElo "2087"]
[PlyCount "102"]
[GameId "2160767911061114"]
[EventDate "2004.10.03"]
[EventType "tourn"]
[EventRounds "6"]
[EventCountry "CAN"]

1. f4 d6 2. g3 c5 3. Bg2 Nc6 4. Nf3 g6 5. O-O Bg7 6. e4 e6 7. c3 Nge7 8. Na3 O-O 9. d3 Rb8 10. Nc2 b5 11. d4 cxd4 12. cxd4 d5 13. e5 b4 14. Ne3 Qb6 15. Kh1 b3 16. a3 a5 17. g4 Bh6 18. g5 Bg7 19. Bd2 Ba6 20. Rg1 Qb5 21. Bf1 Qb6 22. Bc3 Bxf1 23. Rxf1 Nf5 24. Nxf5 exf5 25. Qe1 h5 26. gxh6 Bxh6 27. Qh4 Kh7 28. Rae1 Qd8 29. Ng5+ Kg7 30. e6 Bxg5 31. fxg5 Rh8 32. Qf4 Rh5 33. e7 Qe8 34. Rg1 Rb7 35. Qd6 Rxe7 36. Qxd5 Rxe1 37. Rxe1 Qb8 38. Re2 Qf4 39. Qg2 Rxg5 40. d5+ f6 41. Qf2 Qc4 42. h3 Qxd5+ 43. Kh2 Qd6+ 44. Kh1 Ne5 45. Qa7+ Kh6 46. Qa8 Kg7 47. Qb7+ Nf7 48. Qe7 Qd1+ 49. Be1 f4 50. Kh2 f3 51. Re6 Qc2+ 0-1

[Event "Ottawa-ch reserve"]
[Site "Ottawa CAN"]
[Date "2004.11.28"]
[Round "7"]
[White "Gordon, David"]
[Black "Barber, Glen"]
[Result "0-1"]
[WhiteElo "2209"]
[BlackElo "2029"]
[PlyCount "60"]
[GameId "2160767911061115"]
[EventDate "2004.10.03"]
[EventType "tourn"]
[EventRounds "6"]
[EventCountry "CAN"]

1. d4 d5 2. Nf3 Nf6 3. c4 e6 4. Bg5 dxc4 5. e4 Be7 6. Nc3 c5 7. d5 exd5 8. e5 d4 9. Nb5 Qa5+ 10. Nd2 Qxb5 11. exf6 gxf6 12. Bxc4 Qb6 13. Bxf7+ Kxf7 14. Qh5+ Kg8 15. Qe8+ Bf8 16. Qxc8 fxg5 17. O-O Kg7 18. Nc4 Qc6 19. Qg4 Rg8 20. f4 Kh8 21. fxg5 Qd5 22. b3 Nc6 23. h4 Be7 24. Rf5 Qe6 25. Qf4 Raf8 26. g4 b5 27. Nd2 Qe3+ 28. Qxe3 dxe3 29. Nf3 Rxf5 30. gxf5 h6 0-1

[Event "Ottawa-ch reserve"]
[Site "Ottawa CAN"]
[Date "2004.12.05"]
[Round "7"]
[White "De Kerpel, Stijn"]
[Black "Arsenault, Michel"]
[Result "1-0"]
[WhiteElo "2109"]
[BlackElo "2067"]
[PlyCount "77"]
[GameId "2160767911061116"]
[EventDate "2004.10.03"]
[EventType "tourn"]
[EventRounds "6"]
[EventCountry "CAN"]

1. e4 c5 2. Nc3 Nc6 3. f4 g6 4. Nf3 Bg7 5. Bc4 e6 6. O-O Nge7 7. d3 d5 8. Bb3 O-O 9. Kh1 d4 10. Ne2 Na5 11. Bd2 Nxb3 12. axb3 f5 13. Ng3 Nc6 14. Qe2 Bh6 15. e5 b6 16. c3 Bb7 17. Kg1 Qd7 18. c4 a5 19. Kf2 Ra7 20. h4 Rfa8 21. h5 a4 22. hxg6 hxg6 23. Rh1 Qg7 24. Rh3 Nd8 25. bxa4 Rxa4 26. Rah1 Nf7 27. Ng5 Bxg5 28. fxg5 Ra1 29. Rxa1 Rxa1 30. Bf4 Qf8 31. Nf1 Qa8 32. Rh2 Rb1 33. Nd2 Rxb2 34. g4 Qa5 35. gxf5 gxf5 36. g6 Nxe5 37. Rh8+ Kxh8 38. Qxe5+ Kg8 39. Qxe6+ 1-0

[Event "Outaouais ferme-A"]
[Site "Gatineau CAN"]
[Date "2004.04.06"]
[Round "1"]
[White "Brousseau, Yvan"]
[Black "Pepin, Christian"]
[Result "1/2-1/2"]
[WhiteElo "2052"]
[BlackElo "2105"]
[PlyCount "89"]
[GameId "2160767911166825"]
[EventDate "2004.04.06"]
[EventType "tourn"]
[EventRounds "6"]
[EventCountry "CAN"]
[SourceTitle "EXT 2006"]
[Source "ChessBase"]
[SourceDate "2005.11.24"]
[SourceVersion "1"]
[SourceVersionDate "2005.11.24"]
[SourceQuality "1"]

1. d4 f5 2. Nf3 Nf6 3. Nc3 d5 4. Bf4 c6 5. e3 e6 6. Be2 Bd6 7. Ne5 Qc7 8. a3 Nbd7 9. Nxd7 Nxd7 10. Bxd6 Qxd6 11. f4 O-O 12. O-O a5 13. a4 b6 14. h3 Ba6 15. Bxa6 Rxa6 16. Qd3 Raa8 17. b3 Nf6 18. Rfc1 g5 19. fxg5 Ne4 20. Nxe4 fxe4 21. Qe2 Qg3 22. Rf1 Qxg5 23. Rxf8+ Rxf8 24. Rf1 Rxf1+ 25. Kxf1 Kf7 26. c4 c5 27. dxc5 bxc5 28. Ke1 Ke8 29. cxd5 Qxd5 30. Qb5+ Kf7 31. Qxa5 Qxb3 32. Qxc5 Qxa4 33. Qc7+ Kg6 34. Qg3+ Kf7 35. Qf4+ Kg6 36. Qg4+ Kf7 37. Qh5+ Kf6 38. Qh6+ Ke5 39. Qf4+ Kd5 40. Kf2 Qc2+ 41. Kg3 Qe2 42. h4 Qh5 43. Qf6 e5 44. Qd8+ Kc4 45. Qd2 1/2-1/2

[Event "Outaouais ferme-A"]
[Site "Gatineau CAN"]
[Date "2004.04.06"]
[Round "1"]
[White "Mai, Lloyd"]
[Black "Groleau, Gilles"]
[Result "1-0"]
[WhiteElo "1908"]
[BlackElo "2162"]
[PlyCount "45"]
[GameId "2160767911166826"]
[EventDate "2004.04.06"]
[EventType "tourn"]
[EventRounds "6"]
[EventCountry "CAN"]

1. e4 c5 2. Nf3 e6 3. d4 cxd4 4. c3 Nf6 5. Bg5 Qb6 6. Qc2 Nxe4 7. cxd4 Qc6 8. Nc3 Nxg5 9. Nxg5 Be7 10. d5 exd5 11. Qf5 Bxg5 12. Qxg5 O-O 13. Nxd5 Re8+ 14. Be2 f6 15. Qd2 Na6 16. O-O b6 17. Rac1 Qd6 18. Rxc8 Raxc8 19. Bxa6 Rc5 20. b4 Rc7 21. Rd1 b5 22. Bxb5 Rb7 23. Nxf6+ 1-0